[Event "FIDE WCC Blitz 2016 Men"]
[Site "Doha"]
[Date "2016.12.30"]
[Round "21"]
[White "Lu, Shanglei"]
[Black "Bologan, Victor"]
[Result "1-0"]
[WhiteElo "2627"]
[BlackElo "2640"]
[PlyCount "75"]
[EventDate "2016.??.??"]
[EventType "blitz"]
[EventCountry "QAT"]
[SourceTitle "playchess.com"]
[Source "ChessBase"]

1. e4 c5 2. Nf3 d6 3. d4 cxd4 4. Nxd4 Nf6 5. Nc3 a6 6. Be3 e5 7. Nb3 Be6 8. h3
Be7 9. Qf3 Nbd7 10. g4 h6 11. O-O-O Rc8 12. Nd5 Nf8 13. Kb1 Ng6 14. h4 Bxd5 15.
exd5 h5 16. g5 Ng4 17. Bd3 Nxe3 18. fxe3 e4 19. Qxe4 Ne5 20. g6 fxg6 21. Nd4
Bf6 22. Ne6 Qb6 23. b3 Qa5 24. c4 b5 25. c5 Rxc5 26. Nxc5 dxc5 27. Rhf1 c4 28.
Bc2 O-O 29. d6 cxb3 30. Bxb3+ Kh7 31. d7 Nxd7 32. Rxd7 Qc3 33. Rxf6 Rxf6 34.
Qd4 Qc6 35. Bc2 b4 36. Kb2 a5 37. Ra7 Rf2 38. Qxg7# 1-0

[Event "FIDE WCC Blitz 2016 Men"]
[Site "Doha"]
[Date "2016.12.30"]
[Round "21"]
[White "Howell, David W L"]
[Black "Venkatesh, M R."]
[Result "1-0"]
[WhiteElo "2644"]
[BlackElo "2439"]
[PlyCount "97"]
[EventDate "2016.??.??"]
[EventType "blitz"]
[EventCountry "QAT"]
[SourceTitle "playchess.com"]
[Source "ChessBase"]

1. e4 d5 2. exd5 Nf6 3. Nf3 Bg4 4. h3 Bh5 5. Bb5+ Nbd7 6. c4 a6 7. Ba4 b5 8.
cxb5 Nxd5 9. O-O N5b6 10. g4 Bg6 11. bxa6 Nxa4 12. Qxa4 Bd3 13. Re1 Rxa6 14.
Qb3 Nc5 15. Qc3 e6 16. Ne5 Bd6 17. b4 f6 18. bxc5 Bxe5 19. Rxe5 fxe5 20. Qxe5
O-O 21. Bb2 Rf7 22. Nc3 Bg6 23. d4 Qh4 24. Qe3 h5 25. g5 Rf5 26. Bc1 Rf7 27.
Bd2 Bf5 28. Kg2 Bxh3+ 29. Kg1 Qg4+ 30. Qg3 Rf3 31. Qxg4 Bxg4 32. Be3 h4 33. a4
h3 34. Nb5 c6 35. Nd6 Rf8 36. Nc4 Be2 37. Nb6 Kf7 38. Kh2 Ra5 39. Kxh3 Kg6 40.
Kg3 Bf3 41. Re1 Bd5 42. Bf4 Kh5 43. Be3 Rf3+ 44. Kh2 Kg4 45. Rg1+ Kf5 46. Rg3
Rxg3 47. Kxg3 Ke4 48. Kg4 Bb3 49. Kh5 1-0

[Event "FIDE WCC Blitz 2016 Men"]
[Site "Doha"]
[Date "2016.12.30"]
[Round "21"]
[White "Anton Guijarro, David"]
[Black "Amonatov, Farrukh"]
[Result "1-0"]
[WhiteElo "2650"]
[BlackElo "2620"]
[PlyCount "73"]
[EventDate "2016.??.??"]
[EventType "blitz"]
[EventCountry "QAT"]
[SourceTitle "playchess.com"]
[Source "ChessBase"]

1. Nf3 Nf6 2. b3 g6 3. Bb2 Bg7 4. c4 O-O 5. e3 d6 6. Be2 e5 7. O-O Nbd7 8. d4
e4 9. Nfd2 c6 10. Nc3 Re8 11. b4 d5 12. a4 h5 13. b5 Nf8 14. a5 a6 15. bxc6
bxc6 16. Na4 Bg4 17. Nc5 Ne6 18. Nxe6 Rxe6 19. h3 Bxe2 20. Qxe2 Nd7 21. Rfc1
Rb8 22. Bc3 f5 23. Rab1 Rxb1 24. Rxb1 Nc5 25. Qd1 Nd3 26. Rb6 f4 27. cxd5 Qxd5
28. Qb3 Qxb3 29. Nxb3 fxe3 30. fxe3 Bh6 31. Bd2 Rf6 32. Rxa6 Rf2 33. Rxc6 Rxd2
34. Nxd2 Bxe3+ 35. Kf1 Bxd2 36. a6 e3 37. a7 1-0

[Event "FIDE WCC Blitz 2016 Men"]
[Site "Doha"]
[Date "2016.12.30"]
[Round "21"]
[White "Riazantsev, Alexander"]
[Black "Cheparinov, Ivan"]
[Result "1-0"]
[WhiteElo "2671"]
[BlackElo "2689"]
[PlyCount "79"]
[EventDate "2016.??.??"]
[EventType "blitz"]
[EventCountry "QAT"]
[SourceTitle "playchess.com"]
[Source "ChessBase"]

1. d4 Nf6 2. c4 e6 3. Nf3 d5 4. Nc3 Bb4 5. e3 O-O 6. Bd2 b6 7. cxd5 exd5 8. Rc1
Bb7 9. Bd3 a6 10. O-O Nbd7 11. Ne5 Bd6 12. f4 Ne4 13. Nxe4 dxe4 14. Bc4 Nf6 15.
Qb3 Qe7 16. a4 Rab8 17. Be1 c5 18. Bh4 cxd4 19. exd4 b5 20. axb5 axb5 21. Qxb5
e3 22. Qa4 Be4 23. Qa2 Bb4 24. b3 Bd2 25. Rcd1 Qd6 26. Rxd2 exd2 27. Qxd2 Nd5
28. Re1 Bf5 29. Qf2 Kh8 30. Qf3 f6 31. Qxd5 Qxd5 32. Bxd5 fxe5 33. fxe5 Bc2 34.
Re3 h6 35. e6 g5 36. Bg3 Rbc8 37. Bc4 Bg6 38. d5 Ra8 39. h3 h5 40. d6 1-0

[Event "FIDE WCC Blitz 2016 Men"]
[Site "Doha"]
[Date "2016.12.30"]
[Round "21"]
[White "Fressinet, Laurent"]
[Black "AL-Sayed, Mohammed"]
[Result "1-0"]
[WhiteElo "2672"]
[BlackElo "2508"]
[PlyCount "107"]
[EventDate "2016.??.??"]
[EventType "blitz"]
[EventCountry "QAT"]
[SourceTitle "playchess.com"]
[Source "ChessBase"]

1. Nf3 d5 2. g3 c6 3. Bg2 Bg4 4. c4 e6 5. O-O Nd7 6. cxd5 exd5 7. d3 Ngf6 8. h3
Bxf3 9. Bxf3 Bc5 10. Bg2 O-O 11. e3 Re8 12. a3 a5 13. b3 Qe7 14. Bb2 Bd6 15.
Nd2 Ne5 16. Qc2 h5 17. e4 dxe4 18. dxe4 h4 19. f4 Ng6 20. e5 Bc5+ 21. Kh1 Nh5
22. Ne4 Nxg3+ 23. Nxg3 hxg3 24. e6 Bf2 25. f5 Nf4 26. Qe4 Nxg2 27. Qxg2 fxe6
28. f6 Qf7 29. Be5 Rad8 30. fxg7 Rd3 31. Rad1 Rxd1 32. Rxd1 Qf5 33. Bxg3 Bxg3
34. Qxg3 e5 35. Kg1 Qf6 36. Kh1 e4 37. Qg4 e3 38. Qh5 Kxg7 39. Rg1+ Kf8 40.
Qc5+ Re7 41. Qc4 Re6 42. Qc5+ Kf7 43. Qh5+ Ke7 44. Qh7+ Kd6 45. Qd3+ Kc7 46.
Qe2 Qf5 47. Rg3 Qb1+ 48. Kg2 Qxb3 49. h4 Qxa3 50. h5 Qc5 51. Rg7+ Kb6 52. Qd3
Qd5+ 53. Qxd5 cxd5 54. Rg6 1-0

[Event "FIDE WCC Blitz 2016 Men"]
[Site "Doha"]
[Date "2016.12.30"]
[Round "21"]
[White "Korobov, Anton"]
[Black "Salem, A R  Saleh"]
[Result "1-0"]
[WhiteElo "2692"]
[BlackElo "2656"]
[PlyCount "75"]
[EventDate "2016.??.??"]
[EventType "blitz"]
[EventCountry "QAT"]
[SourceTitle "playchess.com"]
[Source "ChessBase"]

1. d4 Nf6 2. c4 g6 3. g3 Bg7 4. Bg2 d5 5. cxd5 Nxd5 6. Nf3 Nb6 7. O-O Nc6 8. e3
O-O 9. Nc3 Re8 10. Qe2 e5 11. dxe5 Nxe5 12. Nxe5 Bxe5 13. Rd1 Qe7 14. e4 h5 15.
Be3 c6 16. h3 Be6 17. f4 Bg7 18. e5 f5 19. exf6 Qxf6 20. Qf2 Rad8 21. Kh2 Bf5
22. Bxb6 axb6 23. Qxb6 Rxd1 24. Rxd1 h4 25. g4 Bxg4 26. Rf1 Bc8 27. a4 Kh7 28.
a5 Bh6 29. Qc7+ Qe7 30. Qb6 Qd6 31. Ne4 Bxf4+ 32. Kh1 Qe5 33. a6 bxa6 34. Qxc6
Rf8 35. Nc3 Qg5 36. Nd5 Bxh3 37. Bxh3 Qg3 38. Nxf4 1-0

[Event "FIDE WCC Blitz 2016 Men"]
[Site "Doha"]
[Date "2016.12.30"]
[Round "21"]
[White "Inarkiev, Ernesto"]
[Black "Volokitin, Andrei"]
[Result "1-0"]
[WhiteElo "2709"]
[BlackElo "2649"]
[PlyCount "84"]
[EventDate "2016.??.??"]
[EventType "blitz"]
[EventCountry "QAT"]
[SourceTitle "playchess.com"]
[Source "ChessBase"]

1. d4 Nf6 2. Nf3 g6 3. Nc3 d5 4. Bf4 Bg7 5. h4 O-O 6. e3 c5 7. Qd2 cxd4 8. exd4
Nc6 9. Ne5 h5 10. f3 Nd7 11. Nxd5 Ndxe5 12. dxe5 Nxe5 13. O-O-O Be6 14. Qe3 Nc6
15. Nf6+ Bxf6 16. Rxd8 Rfxd8 17. a3 Rac8 18. Bd3 Na5 19. Rd1 Bf5 20. Kb1 Nc4
21. Qe2 Nxb2 22. Rd2 Nxd3 23. cxd3 Rc3 24. Ka2 Rc1 25. Be5 Rc6 26. Bxf6 Be6+
27. Kb2 exf6 28. d4 Rd7 29. Qe3 Rd5 30. Rc2 Rb5+ 31. Kc1 Rb3 32. Qd2 Rcb6 33.
Kd1 Bf5 34. Ra2 Bd3 35. Ke1 Bb1 36. Ra1 Bd3 37. Rc1 Re6+ 38. Kd1 Rxa3 39. Qh6
Be2+ 40. Kd2 Ra2+ 41. Kc3 b5 42. Kb3 Bc4+ 1-0

[Event "FIDE WCC Blitz 2016 Men"]
[Site "Doha"]
[Date "2016.12.30"]
[Round "21"]
[White "Vitiugov, Nikita"]
[Black "Pantsulaia, Levan"]
[Result "1-0"]
[WhiteElo "2726"]
[BlackElo "2607"]
[PlyCount "83"]
[EventDate "2016.??.??"]
[EventType "blitz"]
[EventCountry "QAT"]
[SourceTitle "playchess.com"]
[Source "ChessBase"]

1. e4 c5 2. Nf3 a6 3. b3 d6 4. Bb2 Nf6 5. e5 dxe5 6. Nxe5 e6 7. g3 Qd5 8. Qf3
Nbd7 9. Bg2 Nxe5 10. Qxd5 Nxd5 11. Bxe5 f6 12. Bb2 Rb8 13. Nc3 Nxc3 14. Bxc3 b6
15. O-O-O Bb7 16. Bxb7 Rxb7 17. Rhe1 Kf7 18. d4 h5 19. d5 exd5 20. Rxd5 h4 21.
g4 h3 22. Re3 c4 23. b4 Re7 24. Kd2 Rxe3 25. Kxe3 Ke6 26. Rd2 Bd6 27. f4 Bc7
28. a4 b5 29. a5 Rd8 30. Re2 g6 31. Kf3+ Kf7 32. f5 gxf5 33. gxf5 Rg8 34. Re6
Bd8 35. Rxa6 Rg2 36. Ra7+ Ke8 37. Ra8 Kd7 38. a6 Rxc2 39. Bd4 Rd2 40. a7 Rd3+
41. Ke4 Ra3 42. Rb8 1-0

[Event "FIDE WCC Blitz 2016 Men"]
[Site "Doha"]
[Date "2016.12.30"]
[Round "21"]
[White "Atabayev, Yusup"]
[Black "Jakovenko, Dmitry"]
[Result "1/2-1/2"]
[WhiteElo "2473"]
[BlackElo "2704"]
[PlyCount "111"]
[EventDate "2016.??.??"]
[EventType "blitz"]
[EventCountry "QAT"]
[SourceTitle "playchess.com"]
[Source "ChessBase"]

1. e4 c5 2. Nf3 d6 3. d4 cxd4 4. Nxd4 Nf6 5. Nc3 a6 6. Be2 e6 7. O-O Be7 8. Be3
Qc7 9. f4 b5 10. a3 Bb7 11. Bf3 Nbd7 12. Nb3 Rc8 13. Qe2 O-O 14. g4 d5 15. exd5
Nxd5 16. Nxd5 Bxd5 17. Bxd5 exd5 18. c3 Rfe8 19. Qf3 Nf6 20. Nd2 Bc5 21. Bxc5
Qxc5+ 22. Kh1 Ne4 23. Nxe4 dxe4 24. Qg2 e3 25. Rae1 Rcd8 26. Re2 Qc4 27. Qf3
Rd2 28. Rfe1 Rxe2 29. Rxe2 Qd3 30. Kg2 h6 31. h3 a5 32. Kg3 Kh7 33. Re1 Qd2 34.
Re2 Qd1 35. Kg2 g6 36. f5 g5 37. f6 Qd6 38. Qf5+ Kg8 39. Qxb5 Re4 40. Qf5 Rf4
41. Qb5 Rxf6 42. Qe8+ Kg7 43. Qxe3 Qd5+ 44. Qe4 Qd1 45. Rf2 Rxf2+ 46. Kxf2 Qd2+
47. Qe2 Qf4+ 48. Kg2 a4 49. Qf2 Qb8 50. Qd4+ Kg8 51. Qf2 Qb7+ 52. Kg1 Qb3 53.
Qd2 Qb6+ 54. Qf2 Qb3 55. Qd2 Qb6+ 56. Qf2 1/2-1/2

[Event "FIDE WCC Blitz 2016 Men"]
[Site "Doha"]
[Date "2016.12.30"]
[Round "21"]
[White "Atabayev, Maksat"]
[Black "Hirneise, Jens"]
[Result "1/2-1/2"]
[WhiteElo "2492"]
[BlackElo "2315"]
[PlyCount "183"]
[EventDate "2016.??.??"]
[EventType "blitz"]
[EventCountry "QAT"]
[SourceTitle "playchess.com"]
[Source "ChessBase"]

1. e4 c5 2. Nf3 Nc6 3. Bb5 g6 4. Bxc6 bxc6 5. O-O Bg7 6. c3 Nf6 7. d3 O-O 8. h3
d6 9. Re1 e5 10. d4 exd4 11. cxd4 cxd4 12. Nxd4 Qb6 13. Nc3 Bb7 14. Nf3 c5 15.
Bf4 Rad8 16. Qc2 Rfe8 17. Rad1 h6 18. Bh2 Qc6 19. e5 dxe5 20. Rxd8 Rxd8 21.
Bxe5 Nh5 22. Bxg7 Nxg7 23. Ne4 Re8 24. Nxc5 Ne6 25. b4 a5 26. a3 axb4 27. axb4
Nxc5 28. bxc5 Rc8 29. Rc1 Qf6 30. Nh2 Qg5 31. f3 Qe3+ 32. Kh1 h5 33. Nf1 Qf4
34. Qd2 Qf5 35. Ne3 Qg5 36. Qd4 Re8 37. Rc3 Qg3 38. Qd2 Qf4 39. Qf2 Bc6 40. Kg1
Qd4 41. Ra3 Re5 42. Kh2 Qxc5 43. Rd3 Kg7 44. Qb2 Qb5 45. Qxb5 Bxb5 46. Rc3 Bd7
47. h4 Be6 48. Kg3 Ra5 49. Nc2 Ra4 50. Rc7 Rc4 51. Rxc4 Bxc4 52. Kf4 Kf6 53.
Ne3 Be6 54. Nc2 Bd7 55. Nd4 Bc8 56. Nc6 Bd7 57. Ne5 Be6 58. Nd3 Bc4 59. Nf2 Bd5
60. Nh1 Bc6 61. Ng3 Bd5 62. Ne2 Bc6 63. Nc3 Bb7 64. Nb5 Bd5 65. Nd6 Ke6 66. Nb5
Kf6 67. Nc3 Bc6 68. g3 Bb7 69. Nd1 Bd5 70. Ne3 Be6 71. Ke4 Bc8 72. Nd5+ Ke6 73.
Nf4+ Kf6 74. Nd5+ Ke6 75. Nc7+ Kd6 76. Nb5+ Ke6 77. Kf4 Bb7 78. g4 hxg4 79.
fxg4 Kf6 80. Nd6 Bd5 81. Ne8+ Ke7 82. Nc7 Bc4 83. Ke5 Kd7 84. Nd5 Bxd5 85. Kxd5
Ke7 86. Ke5 f6+ 87. Kf4 Ke6 88. h5 gxh5 89. gxh5 Kf7 90. Kf5 Kg7 91. h6+ Kxh6
92. Kxf6 1/2-1/2

[Event "FIDE WCC Blitz 2016 Men"]
[Site "Doha"]
[Date "2016.12.30"]
[Round "21"]
[White "Lalith Babu M R"]
[Black "Adly, Ahmed"]
[Result "1/2-1/2"]
[WhiteElo "2587"]
[BlackElo "2599"]
[PlyCount "153"]
[EventDate "2016.??.??"]
[EventType "blitz"]
[EventCountry "QAT"]
[SourceTitle "playchess.com"]
[Source "ChessBase"]

1. d4 d5 2. Nf3 e6 3. c4 Nf6 4. Nc3 c6 5. g3 Nbd7 6. Bg2 Be7 7. O-O O-O 8. Qd3
b6 9. e4 Ba6 10. b3 dxe4 11. Nxe4 c5 12. Bb2 h6 13. Rad1 Rc8 14. Rfe1 cxd4 15.
Nxd4 Nc5 16. Nxf6+ Bxf6 17. Qe2 Qc7 18. Nb5 Bxb5 19. Bxf6 gxf6 20. cxb5 f5 21.
Bc6 Rcd8 22. Qh5 Kg7 23. Qf3 Rxd1 24. Rxd1 Rd8 25. b4 Rxd1+ 26. Qxd1 Nb7 27.
Qd4+ Kh7 28. h4 Nd8 29. a4 Qe7 30. Bd7 Nb7 31. Bc6 Nd6 32. a5 Qc7 33. Kg2 Nc8
34. Qf6 Qe7 35. Qd4 Qd6 36. Qc4 Ne7 37. Bf3 Kg7 38. a6 e5 39. Qc3 f6 40. Bc6 f4
41. Qf3 fxg3 42. Qxg3+ Kf8 43. Qf3 Kg7 44. Be4 Qxb4 45. h5 Qxb5 46. Qg4+ Kf8
47. Qe6 Qe8 48. Qxf6+ Qf7 49. Qxh6+ Qg7+ 50. Qxg7+ Kxg7 51. Kg3 Ng8 52. Kg4 Kf6
53. f4 Nh6+ 54. Kf3 Nf7 55. Bd5 Nh6 56. Ke4 exf4 57. Kxf4 Nf7 58. Bxf7 Kxf7 59.
Ke5 Kg7 60. Kd6 Kh6 61. Kc6 Kxh5 62. Kb7 b5 63. Kxa7 b4 64. Kb6 b3 65. a7 b2
66. a8=Q b1=Q+ 67. Kc7 Qh7+ 68. Kb8 Qg8+ 69. Ka7 Qa2+ 70. Kb8 Qh2+ 71. Ka7 Qf2+
72. Kb8 Qf4+ 73. Ka7 Qd4+ 74. Kb8 Qd6+ 75. Ka7 Qa3+ 76. Kb8 Qxa8+ 77. Kxa8
1/2-1/2

[Event "FIDE WCC Blitz 2016 Men"]
[Site "Doha"]
[Date "2016.12.30"]
[Round "21"]
[White "Adhiban, B."]
[Black "Salinas Herrera, Pablo"]
[Result "1/2-1/2"]
[WhiteElo "2666"]
[BlackElo "2466"]
[PlyCount "78"]
[EventDate "2016.??.??"]
[EventType "blitz"]
[EventCountry "QAT"]
[SourceTitle "playchess.com"]
[Source "ChessBase"]

1. e4 c5 2. Nc3 a6 3. g3 b5 4. Bg2 Bb7 5. d3 d6 6. Nh3 e6 7. O-O Nd7 8. f4 Qc7
9. f5 e5 10. a4 b4 11. Nd5 Bxd5 12. exd5 Be7 13. g4 h6 14. a5 Bf6 15. c3 Rb8
16. c4 Ne7 17. Be3 e4 18. Bxe4 Bxb2 19. Nf4 Nf6 20. Ra4 Be5 21. Bf3 b3 22. Qe2
O-O 23. h4 b2 24. Rb1 Rfe8 25. Qd2 Rb3 26. Bf2 Qd7 27. Ra2 Nxf5 28. gxf5 Qxf5
29. Bg3 Bd4+ 30. Kg2 Re3 31. Bd1 Rbxd3 32. Nxd3 Rxd3 33. Qc2 Be5 34. Bxe5 Qh3+
35. Kg1 dxe5 36. Raxb2 Rg3+ 37. Qg2 Rxg2+ 38. Rxg2 Qxh4 39. Bf3 Qd4+ 1/2-1/2

[Event "FIDE WCC Blitz 2016 Men"]
[Site "Doha"]
[Date "2016.12.30"]
[Round "21"]
[White "Najer, Evgeniy"]
[Black "Moiseenko, Alexander"]
[Result "1/2-1/2"]
[WhiteElo "2679"]
[BlackElo "2657"]
[PlyCount "79"]
[EventDate "2016.??.??"]
[EventType "blitz"]
[EventCountry "QAT"]
[SourceTitle "playchess.com"]
[Source "ChessBase"]

1. e4 c5 2. Nc3 e6 3. d4 cxd4 4. Qxd4 Nc6 5. Qd3 Nf6 6. Bf4 d5 7. O-O-O d4 8.
Nb5 e5 9. Bxe5 Nxe5 10. Qg3 Nfd7 11. Rxd4 a6 12. Nf3 Nxf3 13. Nc7+ Qxc7 14.
Qxc7 Nxd4 15. Qg3 Ne6 16. f4 Bd6 17. e5 Bc7 18. h4 O-O 19. h5 h6 20. Bc4 Nxf4
21. Qxf4 Nxe5 22. Kb1 Nxc4 23. Qxc4 Be5 24. Qd5 Bf6 25. Rf1 Be6 26. Qa5 Rfd8
27. b3 Rd5 28. Qb4 Rad8 29. Rxf6 gxf6 30. Qxb7 a5 31. Qc7 R8d7 32. Qf4 Kg7 33.
Kb2 Rxh5 34. a4 Rg5 35. Qf2 Bd5 36. g3 Be6 37. Ka3 Rd4 38. Qxd4 Rxg3 39. c3 h5
40. Kb2 1/2-1/2

[Event "FIDE WCC Blitz 2016 Men"]
[Site "Doha"]
[Date "2016.12.30"]
[Round "21"]
[White "Saeed, Ishaq"]
[Black "Henriquez Villagra, Cristobal"]
[Result "0-1"]
[WhiteElo "2312"]
[BlackElo "2517"]
[PlyCount "62"]
[EventDate "2016.??.??"]
[EventType "blitz"]
[EventCountry "QAT"]
[SourceTitle "playchess.com"]
[Source "ChessBase"]

1. d4 Nf6 2. Nf3 g6 3. c4 Bg7 4. Nc3 O-O 5. e3 d6 6. Be2 Nbd7 7. O-O e5 8. b3
Re8 9. Bb2 c6 10. dxe5 dxe5 11. b4 a5 12. a3 Qc7 13. Qb3 e4 14. Nd2 h5 15. Qc2
Nf8 16. Rab1 Bf5 17. Rfd1 h4 18. c5 h3 19. g3 N8h7 20. Nc4 axb4 21. axb4 Bg4
22. Nd6 Bxe2 23. Qxe2 Re6 24. Qc4 Qe7 25. Rd4 Ng5 26. Rdd1 Nf3+ 27. Kh1 Ng4 28.
Ncxe4 Rxe4 29. Nxe4 Qxe4 30. Qe2 Nd4+ 31. f3 Nxe2 0-1

[Event "FIDE WCC Blitz 2016 Men"]
[Site "Doha"]
[Date "2016.12.30"]
[Round "21"]
[White "Christiansen, Johan-Sebastian"]
[Black "Banikas, Hristos"]
[Result "0-1"]
[WhiteElo "2429"]
[BlackElo "2568"]
[PlyCount "126"]
[EventDate "2016.??.??"]
[EventType "blitz"]
[EventCountry "QAT"]
[SourceTitle "playchess.com"]
[Source "ChessBase"]

1. Nf3 Nf6 2. c4 g6 3. g3 Bg7 4. Bg2 O-O 5. d4 c5 6. O-O cxd4 7. Nxd4 Nc6 8. c5
Ng4 9. Nb3 b6 10. Nc3 bxc5 11. Nxc5 Nf6 12. Bf4 Nh5 13. Bg5 h6 14. Be3 Rb8 15.
Qd2 Kh7 16. Rfd1 Ne5 17. Qc2 d6 18. Nb3 Qc7 19. Rac1 Bf5 20. Be4 Bxe4 21. Qxe4
Nf6 22. Qb1 Qd7 23. Kg2 Nc4 24. Bd2 a5 25. Ne4 Nxe4 26. Rxc4 Nxd2 27. Rxd2 a4
28. Nd4 Qb7+ 29. Kg1 Rfc8 30. Rxc8 Rxc8 31. b3 axb3 32. Nxb3 d5 33. Qd1 e6 34.
Rc2 Ra8 35. h4 h5 36. Qd3 Qb6 37. Qf3 Ra7 38. Kg2 Be5 39. Nc5 Kg7 40. Nd3 Bd6
41. Nf4 Rc7 42. Rxc7 Qxc7 43. Nd3 Qc4 44. a3 Qb3 45. Qe3 Qxa3 46. Qd4+ Kg8 47.
Qb6 Be7 48. Qb7 Qd6 49. Nf4 Bf6 50. Nd3 Kg7 51. Nf4 Be5 52. Nd3 Bd4 53. Nf4 Qe5
54. Kf1 Qf5 55. Kg2 Be5 56. Nd3 Qe4+ 57. Kg1 Qxe2 58. Qb3 Bd4 59. Kg2 Qe4+ 60.
Kg1 Qf3 61. Kh2 e5 62. Qc2 e4 63. Nb4 Bxf2 0-1

[Event "FIDE WCC Blitz 2016 Men"]
[Site "Doha"]
[Date "2016.12.30"]
[Round "21"]
[White "Khusnutdinov, Rustam"]
[Black "Yu, Yangyi"]
[Result "0-1"]
[WhiteElo "2458"]
[BlackElo "2729"]
[PlyCount "104"]
[EventDate "2016.??.??"]
[EventType "blitz"]
[EventCountry "QAT"]
[SourceTitle "playchess.com"]
[Source "ChessBase"]

1. Nc3 c5 2. Nf3 Nf6 3. d4 cxd4 4. Nxd4 Nc6 5. Bg5 e6 6. Qd3 Qb6 7. Nb3 Be7 8.
e3 O-O 9. O-O-O d5 10. Kb1 Rd8 11. Be2 Bd7 12. g4 Rac8 13. Bh4 Ne5 14. Qd4 Qxd4
15. exd4 Nc4 16. Bxc4 Rxc4 17. Rhe1 Kf8 18. f3 Rdc8 19. Bg3 Bb4 20. Re3 b6 21.
Rdd3 h5 22. h3 a5 23. a3 Bxc3 24. Rxc3 Rxc3 25. bxc3 Bb5 26. Nd2 hxg4 27. hxg4
g5 28. Kb2 Ke7 29. Re1 Rh8 30. Rb1 Rh3 31. Bc7 Nd7 32. Ka2 Ba4 33. Bxb6 Rh2 34.
Nf1 Rxc2+ 35. Ka1 Rxc3 36. Bxa5 Rxa3+ 37. Kb2 Rxf3 38. Bb4+ Kf6 39. Bd6 Rb3+
40. Kc1 Rxb1+ 41. Kxb1 Kg6 42. Ne3 Nf6 43. Kc1 Bb5 44. Be7 Ng8 45. Bd8 Be2 46.
Kd2 Bf3 47. Ke1 Nh6 48. Kf2 Bxg4 49. Bc7 Bf5 50. Nf1 Be4 51. Ng3 f5 52. Ne2 f4
0-1

[Event "FIDE WCC Blitz 2016 Men"]
[Site "Doha"]
[Date "2016.12.30"]
[Round "21"]
[White "Debashis, Das"]
[Black "Flores, Diego"]
[Result "0-1"]
[WhiteElo "2472"]
[BlackElo "2579"]
[PlyCount "94"]
[EventDate "2016.??.??"]
[EventType "blitz"]
[EventCountry "QAT"]
[SourceTitle "playchess.com"]
[Source "ChessBase"]

1. d4 Nf6 2. c4 e6 3. Nc3 c5 4. d5 exd5 5. cxd5 d6 6. Nf3 g6 7. Nd2 Bg7 8. e4
O-O 9. Be2 Re8 10. O-O b6 11. a4 Na6 12. Kh1 Nb4 13. f3 a6 14. Nc4 Nh5 15. f4
Nf6 16. Bf3 h5 17. h3 Ra7 18. e5 dxe5 19. fxe5 Ng4 20. e6 fxe6 21. hxg4 Qh4+
22. Kg1 exd5 23. Bxd5+ Nxd5 24. Nxd5 Bxg4 25. Qd3 Bf5 26. Rxf5 gxf5 27. Be3 Qe4
28. Rd1 Qxd3 29. Rxd3 b5 30. Nd6 Re5 31. Bxc5 Rd7 32. axb5 axb5 33. b4 Kh7 34.
Nb6 Ra7 35. Rf3 Ra2 36. Rxf5 Re1+ 37. Kh2 Be5+ 38. Rxe5 Rxe5 39. Kg3 Rg5+ 40.
Kf4 Raxg2 41. Ne4 Rg6 42. Nd5 h4 43. Ndf6+ Kg7 44. Bd4 Kf7 45. Nd5 h3 46. Nf2
Rxf2+ 47. Bxf2 h2 0-1

[Event "FIDE WCC Blitz 2016 Men"]
[Site "Doha"]
[Date "2016.12.30"]
[Round "21"]
[White "Quparadze, Giga"]
[Black "Mareco, Sandro"]
[Result "0-1"]
[WhiteElo "2481"]
[BlackElo "2635"]
[PlyCount "134"]
[EventDate "2016.??.??"]
[EventType "blitz"]
[EventCountry "QAT"]
[SourceTitle "playchess.com"]
[Source "ChessBase"]

1. e4 c5 2. Nf3 d6 3. d4 cxd4 4. Nxd4 Nf6 5. Nc3 a6 6. h3 e5 7. Nde2 b5 8. g4
b4 9. Nd5 Nxd5 10. Qxd5 Ra7 11. Be3 Be6 12. Qd2 Rd7 13. Qxb4 d5 14. Bc5 Nc6 15.
Qa3 dxe4 16. Bxf8 Rxf8 17. Bg2 f5 18. gxf5 Bxf5 19. O-O Qb6 20. Ng3 Nd4 21.
Rad1 Bg6 22. Qe3 Qxb2 23. c3 Nf3+ 24. Bxf3 Rxf3 25. Qg5 Qxc3 26. Rc1 Qd4 27.
Ne2 Qd6 28. Qg4 Kf7 29. Ng3 Qe6 30. Qxe6+ Kxe6 31. Rfe1 Rd2 32. Rc6+ Kd5 33.
Rc7 Rfxf2 34. Nf1 Rg2+ 35. Kh1 e3 36. Nxe3+ Kd6 37. Rxg7 Rge2 38. Nc4+ Ke6 39.
Rxe2 Rxe2 40. a4 Rc2 41. Ne3 Rc3 42. Ng4 Rxh3+ 43. Kg2 Ra3 44. Rb7 Rxa4 45.
Rb6+ Kf5 46. Ne3+ Ke4 47. Ng4 Kf4 48. Nf2 Ra2 49. Rf6+ Kg5 50. Rb6 e4 51. Kg3
Ra3+ 52. Kg2 Kf4 53. Rf6+ Kg5 54. Rf8 e3 55. Nh3+ Kg4 56. Rf4+ Kh5 57. Rf8 Be4+
58. Kh2 Ra2+ 59. Kg3 e2 60. Nf4+ Kg5 61. Kf2 Bf5 62. Nd5 Bg4 63. Nc3 Rc2 64.
Ne4+ Kh4 65. Rf4 h5 66. Nf6 Rc1 67. Nxg4 e1=Q+ 0-1

[Event "FIDE WCC Blitz 2016 Men"]
[Site "Doha"]
[Date "2016.12.30"]
[Round "21"]
[White "Quintiliano Pinto, Renato R"]
[Black "Amin, Bassem"]
[Result "0-1"]
[WhiteElo "2484"]
[BlackElo "2662"]
[PlyCount "106"]
[EventDate "2016.??.??"]
[EventType "blitz"]
[EventCountry "QAT"]
[SourceTitle "playchess.com"]
[Source "ChessBase"]

1. d4 f5 2. g3 Nf6 3. Bg2 e6 4. c4 Be7 5. Nf3 O-O 6. O-O d6 7. Nc3 Qe8 8. Bg5
Ne4 9. Bxe7 Nxc3 10. bxc3 Qxe7 11. Qc2 Nc6 12. Rab1 e5 13. e3 Rb8 14. Nd2 Bd7
15. f4 b6 16. Kh1 Na5 17. e4 exf4 18. Rxf4 fxe4 19. Rxe4 Qf6 20. Rf4 Qe7 21.
Re4 Qg5 22. Nf3 Qh5 23. Rh4 Qf5 24. Qxf5 Bxf5 25. Re1 Rbe8 26. c5 Nc4 27. d5
Ne3 28. cxd6 cxd6 29. Nd4 Nxg2 30. Rxe8 Rxe8 31. Kxg2 Be4+ 32. Kf2 Bxd5 33. a3
a6 34. Rh5 Bc4 35. Rf5 b5 36. Rf4 g6 37. h4 Kg7 38. h5 Re5 39. hxg6 hxg6 40. g4
Re8 41. Rf3 Re4 42. Kg3 Re1 43. g5 a5 44. Rf6 Re3+ 45. Kf4 Rxc3 46. Rxd6 Rxa3
47. Rd7+ Kf8 48. Ke5 Ke8 49. Rg7 Re3+ 50. Kf6 Re4 51. Kxg6 Rxd4 52. Ra7 a4 53.
Kh6 Rd6+ 0-1

[Event "FIDE WCC Blitz 2016 Men"]
[Site "Doha"]
[Date "2016.12.30"]
[Round "21"]
[White "Svane, Rasmus"]
[Black "Zhang, Zhong"]
[Result "0-1"]
[WhiteElo "2555"]
[BlackElo "2645"]
[PlyCount "62"]
[EventDate "2016.??.??"]
[EventType "blitz"]
[EventCountry "QAT"]
[SourceTitle "playchess.com"]
[Source "ChessBase"]

1. Nf3 d5 2. d4 Nf6 3. c4 e6 4. Nc3 Bb4 5. Qa4+ Nc6 6. e3 O-O 7. Bd2 a6 8. a3
Be7 9. Qc2 dxc4 10. Bxc4 Bd6 11. Bd3 e5 12. dxe5 Nxe5 13. Nxe5 Bxe5 14. f4 Bxc3
15. Bxc3 h6 16. e4 Ng4 17. Qe2 Qh4+ 18. g3 Qe7 19. e5 Re8 20. h3 Nf6 21. exf6
Qf8 22. Be4 Bf5 23. fxg7 Qc5 24. Be5 Bxe4 25. Qxe4 f6 26. Rd1 fxe5 27. f5 Rad8
28. Ke2 Qb5+ 29. Kf3 Qb3+ 30. Kg4 Rxd1 31. f6 Rd4 0-1

[Event "FIDE WCC Blitz 2016 Men"]
[Site "Doha"]
[Date "2016.12.30"]
[Round "21"]
[White "Bortnyk, Olexandr"]
[Black "Ghaem Maghami, Ehsan"]
[Result "0-1"]
[WhiteElo "2581"]
[BlackElo "2574"]
[PlyCount "110"]
[EventDate "2016.??.??"]
[EventType "blitz"]
[EventCountry "QAT"]
[SourceTitle "playchess.com"]
[Source "ChessBase"]

1. e4 e5 2. Nf3 Nc6 3. Bb5 a6 4. Ba4 b5 5. Bb3 Na5 6. d4 exd4 7. Qxd4 Bb7 8.
O-O Ne7 9. Bg5 d6 10. c3 h6 11. Bh4 Nxb3 12. axb3 Qd7 13. c4 b4 14. Nbd2 Nc6
15. Qe3 g5 16. Bg3 Bg7 17. c5 dxc5 18. Qxc5 Qe7 19. Qc2 O-O 20. Nc4 g4 21. Nh4
Nd4 22. Qd1 Qxe4 23. Re1 Qd5 24. Qxg4 Qg5 25. Qd7 Nc2 26. Qxc7 Bd5 27. Nb6 Nxe1
28. Rxe1 Rad8 29. h3 Be6 30. Nf3 Qb5 31. Nc4 Rc8 32. Qe7 Rfe8 33. Qh4 Bxc4 34.
Rxe8+ Qxe8 35. bxc4 b3 36. Qg4 Qe6 37. Nd2 Qxg4 38. hxg4 a5 39. Nxb3 a4 40. Nc1
Bxb2 41. Na2 Rxc4 42. Bd6 Bd4 43. Kh2 Rc6 44. Be7 Bxf2 45. Nb4 Rc4 46. Nd3 Bd4
47. g3 a3 48. Bxa3 Rc3 49. Bc1 Rxd3 50. Bxh6 Be5 51. Kh3 Bxg3 52. g5 Kh7 53.
Kg4 Kg6 54. Bf8 Be5 55. Bc5 Rg3+ 0-1